Sports Quiz

Random Sports or Soccer Quiz
Score 0/30 Timer 10:00
0 Plays Today
Entraîneur % Correct
Didier Deschamps
95%
André Villas-Boas
93.3%
Rudi Garcia
91.6%
Marcelo Bielsa
83.2%
José Anigo
81.5%
Eric Gerets
76.5%
Raymond Goethals
74.8%
Michel
69.7%
Franck Passi
67.2%
Rolland Courbis
65.5%
Elie Baup
63.9%
Franz Beckenbauer
59.7%
Alain Perrin
49.6%
Gérard Gili
45.4%
Jean Fernandez
44.5%
Entraîneur % Correct
Albert Emon
42.9%
Bernard Casoni
37.8%
Tomislav Ivic
35.3%
Philippe Troussier
31.9%
Abel Braga
29.4%
Javier Clemente
29.4%
Gérard Banide
21%
Henri Stambouli
17.6%
Marc Bourrier
14.3%
Jules Zvunka
12.6%
Roland Gransart
12.6%
Albert Batteux
10.1%
Zarko Olarevic
10.1%
Pierre Cahuzac
9.2%
Jean Robin
8.4%
Remove Ads.
Support Sporcle.
Get the best of Sporcle when you Go Orange. This ad-free experience offers more features, more stats, and more fun while also helping to support Sporcle. Thank you for becoming a member.

You're not logged in!

Compare scores with friends on all Sporcle quizzes.
OR
Log In

Sporcle TV

Today on Sporcle TV


Watch our educational content, quiz creation guides, and fun videos on Sporcle TV.

Show Comments

Extras

Created May 15, 2020ReportNominate
Tags:Football Quiz, Soccer Quiz

Top Quizzes Today


Score Distribution

Paid Content

Your Account Isn't Verified!

In order to create a playlist on Sporcle, you need to verify the email address you used during registration. Go to your Sporcle Settings to finish the process.

Report this User

Report this user for behavior that violates our Community Guidelines.

Details: